| 000 | 01154nac a22003131i 4500 | ||
|---|---|---|---|
| 003 | EG-ScBUE | ||
| 005 | 20240702093900.0 | ||
| 008 | 240702s1995 enka f b 001 0 eng d | ||
| 020 | _a0631182047 (acid-free paper) | ||
| 020 | _a9780631182047 | ||
| 040 |
_aEG-ScBUE _beng _erda _cEG-ScBUE _dEG-ScBUE |
||
| 043 | _af-sa--- | ||
| 082 | 0 | 4 |
_a968 _bLEM _222 |
| 100 | 1 |
_aLe May, G. H. L. _q(Godfrey Hugh Lancelot) _eauthor. |
|
| 245 | 1 | 4 |
_aThe Afrikaners : _ban historical interpretation / _cG.H.L. Le May. |
| 264 | 1 |
_aOxford, UK ; _aCambridge, Massachusetts : _bBlackwell Publishers Inc., _c1995. |
|
| 300 |
_a280 pages : _billustrations ; _c24 cm |
||
| 336 |
_2rdacontent _atext _btxt |
||
| 337 |
_aunmediated _2rdamedia _bn |
||
| 338 |
_avolume _bnc _2rdacarrier |
||
| 504 | _aIncludes bibliographical references and index. | ||
| 650 | 7 |
_aAfrikaners _xHistory. _2BUEsh |
|
| 650 | 7 |
_aAfrikaners _xPolitics and government. _2BUEsh |
|
| 651 | 7 |
_aSouth Africa _xHistory. _2BUEsh |
|
| 651 | 7 |
_aSouth Africa _xPolitics and government. _2BUEsh |
|
| 651 | 7 |
_aSouth Africa _xRace relations _xHistory. _2BUEsh |
|
| 655 | _vReading book | ||
| 942 |
_cBB _2ddc |
||
| 999 |
_c7375 _d7375 |
||